| 000 | 00883nam a2200217Ia 4500 | ||
|---|---|---|---|
| 003 | Ost | ||
| 005 | 20260507074900.0 | ||
| 008 | 260507s9999||||xx |||||||||||||| ||und|| | ||
| 040 | _cfsecg | ||
| 041 | _aara | ||
| 082 | _a338.4791 | ||
| 100 |
_aأبو غزالة، صفاء _eمؤلف |
||
| 245 | 0 |
_a إدارة الخدمات السياحية / _c صفاء أبو غزالة |
|
| 260 |
_aعمان: _bدار زهران للنشر والتوزيع, _c2006 |
||
| 300 |
_a158 صفحة؛ _bإيضاحات ؛ _c25 سم |
||
| 520 | _aسمات الخدمة السياحية وإدارة الجودة الشاملة للخدمة السياحية، تسعير الخدمات السياحية، توزيع الخدمات السياحية | ||
| 653 | _aالخدمة الإجتماعية | ||
| 653 | _aالسياحة | ||
| 653 | _aضبط الجودة- السياحة | ||
| 942 | _cكتاب | ||
| 999 |
_c41645 _d41645 |
||